Statistiken für Staaten mit den meisten Verlusten in "Independence Day"

Klicken Sie hier um das Quiz zu spielen!

Allgemein

  • Dieses Quiz wurde 35 mal gespielt
  • Das Durchschnittsergebnis liegt bei 13 aus 16

Antwortstatistiken

VerlusteZerstörte StädteLand% Korrekt
> 53.101.31311China
100%
21.634.92216Vereinigte Staaten
100%
14.638.8383Russland
97%
8.345.4943Vereinigtes Königreich
97%
20.966.5343Mexiko
94%
10.770.2293Frankreich
91%
34.777.0126Indien
91%
15.126.9532Brasilien
88%
18.989.9504Japan
88%
> 8.174.7561Indonesien
79%
5.521.3324Italien
79%
11.147.5661Argentinien
68%
6.497.2381Iran
62%
14.296.0002Südkorea
62%
7.615.5001Türkei
56%
6.620.6971Bangladesch
29%

Verteilung der Resultate

Perzentil nach korrekt beantworteten Fragen

Anzahl Personen mit jedem Resultat

Ihre Resultats-Entwicklung

Sie haben dieses Quiz noch nicht gespielt